Online
Catalog

Primera comunicación nacional : (Record no. 14665)

MARC details
000 -CABECERA
campo de control de longitud fija 00981nam a2200241 a 4500
001 - NÚMERO DE CONTROL
campo de control 000015093
005 - FECHA Y HORA DE LA ÚLTIMA TRANSACCIÓN
campo de control 20260305073950.0
008 - DATOS DE LONGITUD FIJA--INFORMACIÓN GENERAL
campo de control de longitud fija 100201s2004 dr abd 001 0 spa d
040 ## - FUENTE DE LA CATALOGACIÓN
Centro catalogador/agencia de origen DO-SdBNP
Lengua de catalogación spa
Centro/agencia transcriptor BNPHU
082 ## - NÚMERO DE LA CLASIFICACIÓN DECIMAL DEWEY
Número de clasificación 551.6
Número de documento/Ítem R426p
049 ## - FONDOS LOCALES (OCLC)
Fondos de biblioteca BNPD
110 1# - ENTRADA PRINCIPAL--NOMBRE DE ENTIDAD CORPORATIVA
Nombre de entidad corporativa o nombre de jurisdicción como elemento de entrada República Dominicana.
Unidad subordinada Secretaría de Estado de Medio Ambiente y Recursos Naturales
9 (RLIN) 14503
245 10 - MENCIÓN DE TÍTULO
Título Primera comunicación nacional :
Resto del título Convención Marco de Naciones Unidas sobre cambio climático /
Mención de responsabilidad, etc. prólogo Frank Moya Pons.
260 ## - PUBLICACIÓN, DISTRIBUCIÓN, ETC.
Lugar de publicación, distribución, etc. Santo Domingo :
Nombre del editor, distribuidor, etc. Secretaría de Estado de Medio Ambiente y Recursos Naturales,
Fecha de publicación, distribución, etc. 2004
Fabricante Búho
300 ## - DESCRIPCIÓN FÍSICA
Extensión 162 p. :
Otras características físicas il., mapas. ;
Dimensiones 29 cm.
500 ## - NOTA GENERAL
Nota general Incluye índice de cuadros, mapas y gráficos
504 ## - NOTA DE BIBLIOGRAFÍA, ETC.
Nota de bibliografía, etc. Bibliografía : p. 153-162
650 #0 - PUNTO DE ACCESO ADICIONAL DE MATERIA--TÉRMINO DE MATERIA
Término de materia o nombre geográfico como elemento de entrada Cambios climáticos
9 (RLIN) 33988
650 #4 - PUNTO DE ACCESO ADICIONAL DE MATERIA--TÉRMINO DE MATERIA
Término de materia o nombre geográfico como elemento de entrada Climatología
9 (RLIN) 3253
650 #0 - PUNTO DE ACCESO ADICIONAL DE MATERIA--TÉRMINO DE MATERIA
Término de materia o nombre geográfico como elemento de entrada Áreas protegidas
9 (RLIN) 7050
700 1# - PUNTO DE ACCESO ADICIONAL--NOMBRE DE PERSONA
Nombre de persona Moya Pons, Frank,
Fechas asociadas al nombre 1944-
Término indicativo de función/relación pról.
9 (RLIN) 2095
910 ## - DATOS DE OPCIÓN DEL USUARIO (OCLC)
Datos de opción del usuario Validado. Control de calidad BNPHU
Holdings
Estado de retiro Estado de pérdida Restricciones de uso No para préstamo Código de colección Localización permanente Ubicación/localización actual Ubicación en estantería Fecha de adquisición Número de inventario Total de préstamos Signatura topográfica completa Código de barras Fecha visto por última vez Número de copia Precio válido a partir de Tipo de ítem Koha
        Dominicana de Servicio General General Depósito 01.02.2010 LF1   551.6 R426p 15093-30 25.06.2020 e.3 25.06.2020 Libro y Folleto Colección Dominicana de Servicio
        Dominicana de Servicio General General Depósito 15.03.2010 LF1   551.6 R426p 15093-40 25.06.2020 e.4 25.06.2020 Libro y Folleto Colección Dominicana de Servicio
        Dominicana de Servicio General General Depósito 15.03.2010 LF1   551.6 R426p 15093-50 25.06.2020 e.5 25.06.2020 Libro y Folleto Colección Dominicana de Servicio
      Excluido de préstamo Patrimonio Dominicano Patrimonio Dominicano Patrimonio Dominicano Depósito 01.02.2010 LF1   551.6 R426p 15093-10 25.06.2020   25.06.2020 Libro y Folleto Colección Patrimonio Dominicano
      Excluido de préstamo Patrimonio Dominicano Patrimonio Dominicano Patrimonio Dominicano Depósito 01.02.2010 LF1   551.6 R426p 15093-20 25.06.2020 e.2 25.06.2020 Libro y Folleto Colección Patrimonio Dominicano

Powered by Koha